[Event "Jamshedpur Abled op 4th"]
[Site "Jamshedpur"]
[Date "2024.06.27"]
[Round "6"]
[White "Kannan, V."]
[Black "Adam, T."]
[Result "1-0"]
[WhiteElo "1568"]
[BlackElo "1468"]
[PlyCount "47"]
[EventDate "2024.06.25"]
[EventType "swiss"]
[EventRounds "9"]
[EventCountry "IND"]
[SourceTitle "EXT 2025"]
[Source "ChessBase"]
[SourceDate "2024.10.14"]
[SourceVersion "1"]
[SourceVersionDate "2024.10.14"]
[SourceQuality "1"]

1. e4 e5 2. Nf3 Nc6 3. d4 exd4 4. Bc4 Bb4+ 5. c3 dxc3 6. bxc3 Be7 7. Qd5 Nh6 8. Bxh6 0-0 9. Be3 d6 10. Qh5 Bf6 11. Ng5 Bxg5 12. Bxg5 Qe8 13. Nd2 Qe5 14. 0-0 g6 15. Qh6 Be6 16. Nf3 Qg7 17. Qh4 Bxc4 18. Bf6 g5 19. Nxg5 Qg6 20. f4 h6 21. Nh3 Bxf1 22. Rxf1 Rae8 23. f5 Qh7 24. Qg4+ 1-0

[Event "Jamshedpur Abled op 4th"]
[Site "Jamshedpur"]
[Date "2024.06.25"]
[Round "2"]
[White "Yesu, Babuk"]
[Black "Adam, T."]
[Result "1-0"]
[WhiteElo "1590"]
[BlackElo "1468"]
[PlyCount "43"]
[EventDate "2024.06.25"]
[EventType "swiss"]
[EventRounds "9"]
[EventCountry "IND"]
[SourceTitle "EXT 2025"]
[Source "ChessBase"]
[SourceDate "2024.10.14"]
[SourceVersion "1"]
[SourceVersionDate "2024.10.14"]
[SourceQuality "1"]

1. d4 d5 2. Nf3 Nc6 3. Bf4 Nf6 4. e3 Nh5 5. Bg5 h6 6. Bh4 g5 7. Ne5 Nf6 8. Bg3 Bg7 9. Bb5 Bd7 10. Bxc6 Bxc6 11. Nd2 Bb5 12. h3 c6 13. c3 Qc8 14. Qc2 Nh5 15. Bh2 Qe6 16. c4 dxc4 17. Ndxc4 Nf6 18. 0-0 Rc8 19. Rfd1 c5 20. Na3 cxd4 21. Qd2 dxe3 22. Qxe3 1-0